Statistics for WWE Royal Rumble Winners Quiz (Current through 2020)

Click here to take the quiz!

General Stats

  • This quiz has been taken 572 times
    (252 since last reset)
  • The average score is 32 of 38

Answer Stats

YEAR EN Answer % Correct
201630Triple H
95%
2019 (M)10Seth Rollins
92%
2020 (M)16Drew McIntyre
91%
200127Stone Cold Steve Austin
91%
2020 (W)17Charlotte
91%
201723Randy Orton
91%
201319John Cena
90%
2019 (W)28Becky Lynch
90%
199124Hulk Hogan
90%
200730The Undertaker
89%
201428Batista
88%
201519Roman Reigns
88%
199618Shawn Michaels
86%
200024The Rock
86%
20062Rey Mysterio
84%
2018 (W)25Asuka
84%
201029Edge
82%
2018 (M)14Shinsuke Nakamura
82%
19923Ric Flair
82%
199427Bret Hart
81%
200329Brock Lesnar
80%
201138Alberto Del Rio
80%
201222Sheamus
80%
198813"Hacksaw" Jim Duggan
76%
20041Chris Benoit
75%
19992Vince McMahon
75%
2018 (G)41Braun Strowman
75%
199327Yokozuna
70%
198927Big John Studd
70%
199423Lex Luger
67%

Score Distribution

Percentile by Number Answered

Percent of People with Each Score

Your Score History

You have not taken this quiz since the last reset